Les 15 animaux les plus dangereux - Statistiques

Statistiques générales
  • Ce quiz a été pris 449 fois
  • Le résultat moyen est 7 sur 15
Statistiques - réponses
Animaux % Correct
10 Lion
93%
12 Requin
88%
3 Serpent
80%
1 Moustique
73%
8 Hippopotame
71%
9 Éléphant
70%
4 Chien
69%
7 Crocodile
61%
14 Loup
49%
13 Méduse
33%
2 Humain
19%
15 Buffle
12%
11 Grizzly
10%
5 Escargot d'eau douce
9%
6 Réduve (punaise assassine)
3%
Aucun quiz correspondant
Distribution des résultats
% des personnes avec chaque résultat
Percentile par nombre de réponses
Votre historique - résultats
Vous n’avez pas pris ce quiz